000 00919cam a2200253 a 4500
999 _c3357
_d3357
003 OSt
005 20211111123756.0
008 071107s2009 nyua f 001 0 eng
020 _a0205505821
040 _cALUPE UNIVERSITY COLLEGE
050 0 0 _aPE1408
_b.F24 2009
100 1 _aFaigley, Lester,
_d1947-
245 1 4 _aThe brief Penguin handbook /
_cLester Faigley.
250 _a3rd ed.
260 _aNew York :
_bPearson/ Longman,
_cc2009.
300 _axvi, 572 p. :
_bcol. ill. ;
_c22 cm.
504 _aIncludes index.
650 0 _aEnglish language
_xRhetoric
_vHandbooks, manuals, etc.
650 0 _aEnglish language
_xGrammar
_vHandbooks, manuals, etc.
650 0 _aReport writing
_vHandbooks, manuals, etc.
906 _a7
_bcbc
_corignew
_d1
_eecip
_f20
_gy-gencatlg
942 _2lcc
_cBK
_nPW